00721nam 22002173 4500001000700000010001800007021001700025090001100042100004100053200004800094210003000142215002900172300004500201606002900246675002900275700003900304801001800343830002900361990001100390995010200401202859 a972-9338-13-2 aPTb96804/96 a202859 a20260703d u||y0pory50 ba aA solidão da verdadefCunha de Leiradella aLisboacTrinovadD.L.1996 a322 p. cbrochadod21 cm aContém dedicatória na folha de rosto 96aLiteratura Portuguesa a821.134.3-3"19"vPTzpor 917704aLeiradellabCunha def1934- aPTbBMMNgRPC cAna FalardofAna Falardo cLIVROS 002052026-07-03932671bBMMNf32381k821.134.3-3 LEI|SAFo0rLIVROSuAcesso CondicionadosOferta